| 000 | 00693nam a2200193 a 4500 | ||
|---|---|---|---|
| 005 | 20240925064524.0 | ||
| 008 | 991125s1972 mad 000 0 spa u | ||
| 035 | _aUPN01000012073 | ||
| 049 | _aCG | ||
| 050 | 4 |
_aBF408 _bU4.38 |
|
| 100 | 1 | _aUlmann, Gisela | |
| 245 | 1 | 0 |
_aCreatividad : _buna visión nueva y más amplia del concepto de inteligencia en la psicología americana / _cGisela Ulmann ; tr. Miguel Fernández Pérez. |
| 260 |
_aMadrid : _bRialp, _c1972. |
||
| 300 | _a270 p. | ||
| 440 | 0 |
_aBiblioteca de educación y ciencias sociales. _pInvestigaciones y ensayos ; _v11 |
|
| 650 | 7 |
_aAptitud creadora _2 _91354 |
|
| 650 | 4 |
_aPensamiento creativo (Educación) _95414 |
|
| 905 | _aLibro | ||
| 999 |
_c12073 _d12073 |
||